000 00270nam a2200121Ia 4500
008 190216s9999||||xx |||||||||||||| ||und||
100 _aNaftaly Menn
245 0 _aPractical Optics
260 _bElsevier Science Pub
300 _a321
650 _aPhysics
942 _cBK
999 _c34221
_d34221